000 00829nam a2200205 a 4500
001 000039849
005 20201002033753.0
008 130725s2000 sp abc 001 0 spa d
020 _a8400078616
040 _aDO-SdBNP
_bspa
_cBNPHU
100 1 _aAyensa Prat, Eusebi
_966039
245 1 0 _aBaladas griegas :
_bestudio formal, temático y comparativo /
_cEusebi Ayensa Prat.
260 _aMadrid :
_bConsejo Superior de Investigaciones Científicas,
_c2000.
300 _aXX, 423 p. ; :
_bil. mapas y láminas ;
_c24 cm.
490 1 _aNueva Roma. Biblioteca Graeca et latina Aevi posterioris
504 _aIncluye referencias bibliográficas y notas al pie de las páginas
504 _aBibliografía : p. 379-408
500 _aIncluye índice
_v10
830 0 _aNueva Roma. Biblioteca Graeca et latina Aevi posterioris
_v10
_966044
999 _c39339
_d39339